000 01059cam a2200373 a 4500
001 82399
005 20230410105548.0
008 090504r20092002sp d b 000 0 spa c
035 _a(OCoLC)ocn320315170
040 _aC3L
_cC3L
_dGZM
020 _a8434445573 (pbk.)
020 _a9788434445574 (pbk.)
029 0 _aC3L
_b60671275
035 _a(OCoLC)320315170
042 _apcc
043 _ae-sp---
045 _ax4x-
050 1 4 _aHC385
_b.E23873 2009
082 1 4 _a330
_221
245 0 0 _aEconomâia espaänola /
_ccoord., Elvira Martâinez Chacâon.
250 _a2a ed., actualizada.
260 _aBarcelona :
_bAriel,
_c2009.
300 _a544 p. :
_bcharts ;
_c24 cm.
490 1 _aAriel economâia
500 _aFirst ed.: 2002.
504 _aIncludes bibliographical references.
651 0 _aSpain
_xEconomic conditions
_y1975-
700 1 _aMartâinez Chacâon, Elvira.
830 0 _aAriel economâia.
938 _aCasalini Libri
_bCASA
_n60671275
_c37.00 EUR
942 _2lcc
_cbk
946 _arpeña
994 _aC0
_bDRFGD
999 _c39265
_d39265